Harry Potter - Hogwarts Teachers, Staff and Professors - Sudden Death - Statistics

General Stats
  • This quiz has been taken 86 times
  • The average score is 8 of 16
Answers on the Grid
Answers color-coded by a green-red scale on the quiz's grid according to % correct below.
Charity Burbage
Ludo Bagman
Severus Snape
Argus Filch
Barty Crouch Sr.
Wilhelmina Grubbly-Plank
Pius Thicknesse
Firenze
Olympe Maxime
Amelia Bones
Cuthbert Binns
Wilhelmina Tuft
Septima Vector
Nymphadora Tonks
Alecto Carrow
Tom Riddle
Armando Dippet
Newt Scamander
Amycus Carrow
Aurora Sinistra
Neville Longbottom
Astoria Greengrass
Rolanda Hooch
Alice Longbottom
Bathsheda Babbling
Horace Slughorn
Igor Karkaroff
Poppy Pomfrey
Regulus Black
Narcissa Malfoy
 
Answer Stats
Answer % Correct
Severus Snape
80%
Argus Filch
75%
Horace Slughorn
64%
Charity Burbage
61%
Poppy Pomfrey
59%
Amycus Carrow
56%
Alecto Carrow
54%
Rolanda Hooch
54%
Firenze
51%
Cuthbert Binns
49%
Wilhelmina Grubbly-Plank
46%
Aurora Sinistra
39%
Armando Dippet
37%
Septima Vector
34%
Neville Longbottom
32%
Bathsheda Babbling
24%
No matching quizzes found
Score Distribution
Percent of People with Each Score
Percentile by Number Answered
Your Score History
You have not taken this quiz